| 000 | 00809cam a22002411 4500 | ||
|---|---|---|---|
| 001 | w 12000075 | ||
| 003 | DLC | ||
| 005 | 20260227112807.0 | ||
| 008 | 721107s1911 enkb b 000 0 eng c | ||
| 010 | _aw 12000075 | ||
| 035 | _a(OCoLC)487775 | ||
| 040 |
_aWashington D.C. Pub. Library _cODaWU _dOCoLC _dDLC |
||
| 042 | _apremarc | ||
| 050 | 0 | 0 |
_aGF101 _b.H3 |
| 100 | 1 |
_aHaddon, Alfred C. _q(Alfred Cort), _d1855-1940 |
|
| 245 | 1 | 4 |
_aThe wanderings of peoples, _cby A. C. Haddon ... With five maps. |
| 260 |
_aCambridge [Eng.] _bThe University press, _c1911. |
||
| 300 |
_avii, 124 p. _b5 fold. maps. _c17 cm. |
||
| 440 | 4 | _aThe Cambridge manuals of science and literature | |
| 500 | _aTitle within ornamental border. | ||
| 504 | _aBibliographies at end of chapters. | ||
| 650 | 0 | _aMigrations of nations. | |
| 999 |
_c92017 _d92017 |
||